000 00900nam a2200325Ia 4500
001 29254
005 20240114001125.0
007 ta
008 060624s2004 g b000 u asm u
040 _aCotton College,Assam
041 _aasm
082 _a371.3028
_bSa 74 Si
100 _aSarma, Mukunda .
245 0 _aSnatak Mahalar Shiksha Prajuktibidya aru Shikshan Pranali /
_cMukunda Sarma...(et al).
_hTextual Documents
250 _a1st ed. /
260 _aGuwahati :
_bAssam Book Depot ,
_c2004.
300 _axii,420p. ;
_c22cm.
504 _aIndex
653 _aEducational Technology
653 _aTeaching Methods
653 _aG-Education
653 _aDept.
700 _aDeka, Birendra .
700 _aDeka , Kandarpa Kumar .
700 _aChakrabarti, Abha Mishra .
942 _2ddc
_cBK
999 _c29236
_d29236